Θεσσαλία : δεκαπέντε χρόνια αρχαιολογικής έρευνας, 1975-1990 : αποτελέσματα και προοπτικές : πρακτικά διεθνούς συνεδρίου, Λυών, 17-22 Απριλίου 1990 = La Thessalie : quinze annees de recherches archeologiques, 1975-1990 : bilans et perspectives : actes du colloque international, Lyon, 17-22 Avril 1990
Αποθηκεύτηκε σε:
| Συγγραφή απο Οργανισμό/Αρχή: | |
|---|---|
| Άλλοι συγγραφείς: | , |
| Μορφή: | Βιβλίο |
| Γλώσσα: | Greek French English German Italian |
| Δημοσίευση: |
Αθήνα :
[Καπόν],
1994
|
| Θέματα: | |
| Ετικέτες: |
Προσθήκη ετικέτας
Δεν υπάρχουν, Καταχωρήστε ετικέτα πρώτοι!
|
MARC
| LEADER | 00000nam a2200000 i 4500 | ||
|---|---|---|---|
| 001 | 1/64488 | ||
| 008 | 071126s1994 gre d | ||
| 020 | |a 960-7254-04-X (set) | ||
| 020 | |a 960-7254-05-8 (τ.1) | ||
| 020 | |a 960-7254-06-6 (τ.2) | ||
| 035 | |l 10092552 | ||
| 040 | |a GR-MY-UA |b gre |e aacr | ||
| 041 | 0 | |a gre |a fre |a eng |a ger |a ita | |
| 082 | 0 | |a 930.1382 |2 (22) | |
| 245 | 1 | 0 | |a Θεσσαλία : |b δεκαπέντε χρόνια αρχαιολογικής έρευνας, 1975-1990 : αποτελέσματα και προοπτικές : πρακτικά διεθνούς συνεδρίου, Λυών, 17-22 Απριλίου 1990 = La Thessalie : quinze annees de recherches archeologiques, 1975-1990 : bilans et perspectives : actes du colloque international, Lyon, 17-22 Avril 1990 / |c [Υπουργείο Πολιτισμού...[κ.ά.] ] ; [επιμέλεια κειμένων Ευαγγελία Κυπραίου, Ντιάνα Ζαφειροπούλου] |
| 246 | 2 | 1 | |a La Thessalie |b ; quinze annees de recherches archeologiques, 1975-1990; bilans et perspectives; actes du colloque international, Lyon, 17-22 Avril 1990 |
| 260 | |a Αθήνα : |b [Καπόν], |c 1994 | ||
| 300 | |a 2 τ.; |b εικ., πιν., σχ.; |c 30 εκ. | ||
| 500 | |a Στην έκδοση του τόμου συνέβαλαν το Ελληνικό Υπουργείο Πολιτισμού [ΙΕ' Εφορεία Προϊστορικών και Κλασικών Αρχαιοτήτων, ΙΓ' Εφορεία Προϊστορικών και Κλασικών Αρχαιοτήτων, ΙΔ' Εφορεία Προϊστορικών και Κλασικών Αρχαιοτήτων, 7η Εφορεία Βυζαντινών Αρχαιοτήτων], το Ταμείο Αρχαιολογικών Πόρων και Απαλλοτριώσεων, ο Δήμος Λάρισας, οι Ευρωπαϊκές Κοινότητες | ||
| 504 | |a Περιλαμβάνει βιβλιογραφίες | ||
| 650 | 0 | 0 | |a Excavations (Archaeology) |
| 650 | 0 | 0 | |a Excavations (Archaeology) |z Greece |z Thessaly |x Congresses. |
| 651 | 0 | |a Thessaly (Greece) |x Antiquities. | |
| 700 | 1 | |a Κυπραίου, Ευαγγελία. |4 edt | |
| 700 | 1 | |a Ζαφειροπούλου, Ντιάνα. |4 edt | |
| 710 | 2 | |a Υπουργείο Πολιτισμού. | |
| 852 | |a INST |b RHODES |e 20071126 |h 930.1382 ΘΕΣ |p 005400025909 |q 005400025909 |t BK |y 0 |z τ.2 | ||
| 852 | |a INST |b RHODES |e 20071126 |h 930.1382 ΘΕΣ |p 005400025910 |q 005400025910 |t BK |y 0 |z τ.1 | ||
| 852 | |a INST |b RHODES |e 20071126 |h 930.1382 ΘΕΣ |p 005400025909 |q 005400025909 |t BK |v τ.2: |y 0 |z τ.2 | ||
| 852 | |a INST |b RHODES |e 20071126 |h 930.1382 ΘΕΣ |p 005400025910 |q 005400025910 |t BK |v τ.1: |y 0 |z τ.1 | ||
| 853 | |a INST |b RHODES |h 930.1382 ΘΕΣ | ||
| 901 | |a BIBL4-2007-3 | ||
| 909 | |a Ρ |b 138456 | ||
| 909 | |a Ρ |b 138457 | ||
| 922 | |a 4ΕΛΗ |b 200708 |c ΕΠΕΑΕΚ2/ΤΜΣ |d Σ. ΠΑΤΑΚΗΣ | ||
| 970 | |a ΧΑΡΙΟΠΟΛΙΤΟΥ |b ΚΩΝΣΤΑΝΤΙΝΑ |z 2007/11/26 | ||